A source book in Indian philosophy = Una fuente del libro en la filosofía india /
Na minha lista:
| Outros Autores: | |
|---|---|
| Formato: | Desconhecido |
| Idioma: | English |
| Publicado em: |
Princeton, New Jersey :
Princeton University Press,
1957.
|
| Assuntos: | |
| Tags: |
Adicionar Tag
Sem tags, seja o primeiro a adicionar uma tag!
|
MARC
| LEADER | 000000000a22000000004500 | ||
|---|---|---|---|
| 001 | 014847 | ||
| 041 | 0 | |a eng | |
| 082 | 0 | 4 | |a 181.4 |b R129i |
| 700 | 1 | |a Radhakrishnan, S. |c (Sarvepalli), |d 1888-1975, |e editor | |
| 245 | 0 | 2 | |a A source book in Indian philosophy = |b Una fuente del libro en la filosofía india / |c S. Radhakrishnan, editor |
| 246 | 3 | 1 | |a Una fuente del libro en la filosofía india |
| 260 | 1 | |a Princeton, New Jersey : |b Princeton University Press, |c 1957. | |
| 300 | |a xxix, 683 páginas ; |c 24 cm. | ||
| 650 | 4 | |a FILOSOFIA INDU | |
| 500 | |a Colección George Yúdice | ||
| 999 | |c 20713 |d 20713 | ||
| 942 | |c BK |h 181.4 R129i |2 z | ||
